Statistiques concernant QCM My Héro Académia

Cliquez ici pour prendre le quiz!

Statistiques générales

  • Ce quiz a été pris 2 709 fois
  • Le résultat moyen est 11 sur 15

Statistiques - réponses

QuestionRéponse% Correct
Qui est le personnage principal de My Héro Académia ?Izuku Midoriya
99%
Dans quel pays se passe ce manga ?Japon
89%
Quel est le nom de héros de Minoru Mineta ?Grape Juice
88%
Quel est l'alter de Fumikage Tokoyami ?Dark Shadow
85%
Qui est le professeur principal de la seconde A ?Shota Aizawa (Eraser Head)
85%
Qui a l'alter grenouille ?Tsuyu Asui
85%
Quel est le nom de l'alter d'Izuku Midoriya ?One for all
82%
Qui est le principal de Yuei ?Nezu
74%
Quel est le vrai nom d'All Might ?Toshinori Yagi
73%
Qui a gagné le tournoi de Yuei ?Katsuki Bakugo
66%
Lequel de ces élèves de Yuei n'est pas en seconde A ?Hiryu Rin
65%
Qui est l'auteur / l'autrice de My Héro Académia ?Kohei Horikoshi
57%
Chez quel héro professionnel Tenya Iida a fait son stage ?Manual
53%
De quel pays vient Yuga Aoyama ?France
46%
Lequel de ces élèves est au lycée Ketsubutsu ?Yo Shindo
33%

Distribution des résultats

Percentile par nombre de réponses

% des personnes avec chaque résultat

Votre développement - résultats

Vous n’avez pas pris ce quiz